[Event "Panchenko Memorial-B 2020"]
[Site "Chelyabinsk"]
[Date "2020.09.07"]
[Round "1.1"]
[White "Shnayder, Violetta"]
[Black "Bodnaruk, Anastasia"]
[Result "0-1"]
[WhiteElo "1923"]
[BlackElo "2411"]
[Annotator "TA"]
[PlyCount "66"]
[EventDate "2020.09.07"]
[EventType "swiss"]
[EventCountry "RUS"]
[SourceTitle "playchess.com"]
[Source "ChessBase"]
[SourceQuality "1"]

{[%evp 19,66,2,8,12,46,-6,-3,-4,0,-46,0,-58,-50,-100,-70,-321,-320,-319,-306,-278,-228,-232,-228,-280,-264,-272,-210,-246,-246,-231,-243,-252,-249,-300,-302,-296,-265,-257,-260,-531,-521,-564,-560,-556,-556,-549,-535,-520,-495]} 1. Nf3 Nf6 2. c4 g6 3. d4 Bg7 4. Nc3 O-O 5. e4 d6 6. Be2 Nbd7 7. O-O e5 8. d5 Nc5 9. Qc2 a5 10. b3 Nh5 11. Be3 {E94: King's Indian: Classical: 6 Be2 e5 7 0-0: Various Black 7th moves.} f5 12. exf5 (12. Bxc5 $14 dxc5 13. Bd3) 12... Bxf5 $11 13. Qd2 {[#] The position is equal.} b6 $146 ({Predecessor:} 13... Nf4 14. Bxf4 exf4 15. Rae1 g5 16. h3 Bd7 17. Nb5 Bxb5 18. cxb5 Qf6 19. Qd1 Rae8 20. Bc4 h6 21. Qb1 b6 22. Rxe8 Rxe8 23. Qc2 Qb2 24. Qg6 Re7 {½-½ (25) Garland,N (2265)-Morris,G (2110) ICCF email 2003}) 14. Bh6 Qd7 15. Bxg7 ({White should try} 15. Be3 $1 $11) 15... Qxg7 $15 16. Ng5 Nf4 17. Bf3 $2 {[%mdl 8192] [#] This costs White the game.} (17. Qe3 $1 $15) 17... Qh6 $1 $19 {[%cal Rh6g5]} 18. h4 Qxh4 19. Ne6 Ncxe6 20. dxe6 Rae8 ({Less strong is} 20... Bxe6 21. Bxa8 Rxa8 22. f3 $15) 21. g3 Qg5 {[#] And now ...Nh3+ would win.} 22. Rad1 Nxe6 23. Bd5 Qxd2 24. Rxd2 Kg7 25. Nb5 Re7 26. Kg2 Ng5 {...Bh3+ is the strong threat.} 27. Re1 e4 28. Re3 Bh3+ 29. Kh2 $2 (29. Kh1) 29... Bd7 {Black is clearly winning.} 30. Nd4 {White hopes to continue with f4.} c5 31. Nc6 Bxc6 32. Bxc6 Nf3+ 33. Rxf3 Rxf3 {Accuracy: White = 35%, Black = 77%.} 0-1

[Event "Panchenko Memorial-B 2020"]
[Site "Chelyabinsk"]
[Date "2020.09.07"]
[Round "1.2"]
[White "Bivol, Alina"]
[Black "Kamarova, Zhanbota"]
[Result "1-0"]
[WhiteElo "2386"]
[BlackElo "1902"]
[Annotator "TA"]
[PlyCount "125"]
[EventDate "2020.09.07"]
[EventType "swiss"]
[EventCountry "RUS"]
[SourceTitle "playchess.com"]
[Source "ChessBase"]
[SourceQuality "1"]

{[%evp 22,125,45,25,49,48,40,49,63,50,49,45,65,45,57,68,52,41,58,44,51,26,18,19,25,24,30,22,28,20,55,0,37,34,41,33,18,2,16,16,25,20,41,28,36,31,46,7,45,38,56,22,66,67,64,72,82,60,60,60,60,60,60,47,47,47,50,40,131,131,129,123,137,43,107,0,134,126,116,115,118,126,122,97,206,216,218,208,238,237,236,220,228,220,236,236,267,285,271,265,260,273,382,306,742,739]} 1. c4 e6 2. Nc3 d5 3. d4 Nf6 4. cxd5 exd5 5. Bg5 Be7 6. e3 c6 7. Qc2 Nbd7 8. Bd3 O-O 9. Nf3 Re8 10. O-O Nf8 11. h3 Be6 12. Rab1 Nh5 {D36: Queen's Gambit Declined: Exchange Variation: Main line (5 Bg5 c6 6 Qc2).} 13. Bxe7 Qxe7 14. b4 Nf6 {White is slightly better.} 15. Rfc1 Rac8 {[#]} 16. a4 $146 {[%cal Ba2a4,Ba4a5][%mdl 32]} ({Predecessor:} 16. b5 cxb5 17. Rxb5 Rc7 18. Qb2 Rec8 19. Ne2 Ne4 20. Rxc7 Rxc7 21. Nf4 Nf6 22. a4 {1-0 (36) Kolas,T (2242)-Gulbrandsen,T (2092) Trondheim 2014}) 16... g6 17. a5 N8d7 18. Na4 Red8 19. Qb2 Ne8 20. b5 cxb5 21. Rxc8 (21. Bxb5 {is more complex.} Bf5 22. Ra1 Nd6 23. Nc3 Be4 24. Be2) 21... Rxc8 22. Qxb5 Nd6 23. Qb4 Rc7 24. Nc3 {[#] And now Nb5 would win.} Nf6 25. Ne5 Nfe8 26. Nf3 ({Better is} 26. a6 $14) 26... Qd7 27. Nb5 Nxb5 28. Bxb5 Qd6 29. Qb2 Nf6 30. Bd3 Bc8 31. Nd2 Qc6 32. Nb3 Qc3 33. Qe2 $36 {[%mdl 2048] Rc1 is the strong threat. White has some pressure.} Qb4 34. Qf3 Qe7 35. Nc5 Kg7 36. g4 h6 37. Qg3 Ne8 38. Bf1 Qd6 39. Qxd6 Nxd6 40. Bg2 Be6 $1 41. Kh2 Kf8 42. Kg3 Ke7 43. h4 h5 44. gxh5 gxh5 (44... Nf5+ $1 $14 45. Kh2 gxh5) 45. Kf4 $16 f6 46. Bf3 Bf7 47. Rg1 (47. Rb2 $16) 47... Ne8 (47... b6 $14 48. axb6 axb6) 48. Rb1 Nd6 49. Kg3 Nf5+ 50. Kh3 Nd6 51. Rb2 Ke8 52. Nd3 Be6+ (52... Nc4 $16) 53. Kh2 $18 Nc4 54. Ra2 Ke7 55. Bxh5 Kd6 56. Bf3 Rh7 {[#]} 57. h5 $1 Bf5 58. Nf4 Bb1 59. Ra1 Be4 60. Bxe4 dxe4 61. Kh3 Nb2 {If only Black now had time for ...Nd3....} 62. Kg4 Rg7+ $2 (62... Nd3 63. Nxd3 exd3) 63. Kf5 {[%mdl 64] Double Attack. Accuracy: White = 86%, Black = 69%.} 1-0

[Event "Panchenko Memorial-B 2020"]
[Site "Chelyabinsk"]
[Date "2020.09.07"]
[Round "1.3"]
[White "Kovaleva, Ekaterina"]
[Black "Guseva, Marina"]
[Result "0-1"]
[WhiteElo "1959"]
[BlackElo "2378"]
[Annotator "ChessBase"]
[PlyCount "100"]
[EventDate "2020.09.07"]
[EventType "swiss"]
[EventCountry "RUS"]
[SourceTitle "playchess.com"]
[Source "ChessBase"]
[SourceQuality "1"]
[TimeControl "5400+30"]

1. e4 {[%emt 0:00:00]} c6 {[%emt 0:00:00]} 2. d4 {[%emt 0:00:00]} d5 {[%emt 0:00:00]} 3. Nc3 {[%emt 0:00:00]} dxe4 {[%emt 0:00:00]} 4. Nxe4 {[%emt 0:00:00]} Bf5 {[%emt 0:00:00]} 5. Ng3 {[%emt 0:00:00]} Bg6 {[%emt 0:00:00]} 6. Bc4 {[%emt 0:00:21]} e6 {[%emt 0:00:00]} 7. N1e2 {[%emt 0:00:12]} Nf6 {[%emt 0:00:41]} 8. O-O {[%emt 0:00:12]} Bd6 {[%emt 0:00:09]} 9. f4 {[%emt 0:01:16]} Qd7 {[%emt 0:06:11]} 10. c3 {[%emt 0:13:38]} O-O {[%emt 0:01:12]} 11. Bd3 {[%emt 0:00:28]} Bxd3 {[%emt 0:08:53]} 12. Qxd3 {[%emt 0:00:04]} g6 {[%emt 0:01:41]} 13. f5 {[%emt 0:37:20]} exf5 {[%emt 0:00:07]} 14. Nxf5 {[%emt 0:06:48]} gxf5 {[%emt 0:00:09]} 15. Rxf5 {[%emt 0:00:06]} Ne8 {[%emt 0:05:35]} 16. Bh6 {[%emt 0:01:39]} f6 {[%emt 0:03:31]} 17. Bxf8 {[%emt 0:00:32]} Bxf8 {[%emt 0:00:31]} 18. Ng3 {[%emt 0:02:38]} Qe6 {[%emt 0:06:32]} 19. Rh5 {[%emt 0:13:10]} Qf7 {[%emt 0:00:26]} 20. Re1 {[%emt 0:00:17]} Nd7 {[%emt 0:00:21]} 21. Re4 {[%emt 0:01:18]} Nd6 {[%emt 0:26:56]} 22. Rg4+ {[%emt 0:00:18]} Kh8 {[%emt 0:00:08]} 23. Rgh4 {[%emt 0:00:36]} h6 {[%emt 0:00:14]} 24. Qd2 {[%emt 0:01:06]} Kg8 {[%emt 0:01:38]} 25. Rg4+ {[%emt 0:09:03]} Kh7 {[%emt 0:00:34]} 26. c4 {[%emt 0:02:03]} Re8 {[%emt 0:15:24]} 27. c5 {[%emt 0:00:39]} Nc4 {[%emt 0:07:21]} 28. Qc1 {[%emt 0:00:18]} Ne3 {[%emt 0:02:11]} 29. Rgh4 {[%emt 0:00:30]} Qg6 {[%emt 0:00:40]} 30. Rf4 {[%emt 0:06:13]} f5 {[%emt 0:07:51]} 31. Rf3 {[%emt 0:01:13]} Nf6 {[%emt 0:01:54]} 32. Rh4 {[%emt 0:01:05]} Nfd5 {[%emt 0:00:24]} 33. Qb1 {[%emt 0:01:11]} Bg7 {[%emt 0:01:44]} 34. Rf2 {[%emt 0:00:48]} f4 {[%emt 0:02:49]} 35. Qxg6+ {[%emt 0:00:02]} Kxg6 {[%emt 0:00:03]} 36. Ne2 {[%emt 0:00:17]} Kg5 {[%emt 0:00:23]} 37. g3 {[%emt 0:01:59]} fxg3 {[%emt 0:00:34]} 38. hxg3 {[%emt 0:00:14]} Ng4 {[%emt 0:00:59]} 39. Rf7 {[%emt 0:00:03]} Bf6 {[%emt 0:00:34]} 40. Nc3 {[%emt 0:00:48]} Bxd4+ {[%emt 0:00:16]} 41. Kg2 {[%emt 0:00:32]} Nxc3 {[%emt 0:00:42]} 42. bxc3 {[%emt 0:00:14]} Bxc3 {[%emt 0:00:39]} 43. Rxb7 {[%emt 0:01:25]} Re2+ {[%emt 0:00:20]} 44. Kf3 {[%emt 0:00:17]} Re3+ {[%emt 0:00:16]} 45. Kg2 {[%emt 0:00:03]} Be5 {[%emt 0:00:34]} 46. Rb3 {[%emt 0:01:29]} Re2+ {[%emt 0:00:03]} 47. Kf3 {[%emt 0:00:19]} Rf2+ {[%emt 0:00:05]} 48. Ke4 {[%emt 0:00:02]} Bxg3 {[%emt 0:00:49]} 49. Rh1 {[%emt 0:00:47]} Rf4+ {[%emt 0:00:10]} 50. Kd3 {[%emt 0:00:20]} Nf2+ {[%emt 0:00:03]} 0-1

[Event "Panchenko Memorial-B 2020"]
[Site "Chelyabinsk"]
[Date "2020.09.07"]
[Round "1.4"]
[White "Garifullina, Leya"]
[Black "Arbynova, Agniya"]
[Result "1-0"]
[WhiteElo "2357"]
[BlackElo "1831"]
[Annotator "ChessBase"]
[PlyCount "95"]
[EventDate "2020.09.07"]
[EventType "swiss"]
[EventCountry "RUS"]
[SourceTitle "playchess.com"]
[Source "ChessBase"]
[SourceQuality "1"]
[TimeControl "5400+30"]

1. e4 {[%emt 0:00:00]} e5 {[%emt 0:00:00]} 2. Nf3 {[%emt 0:00:00]} Nf6 {[%emt 0:00:00]} 3. Nxe5 {[%emt 0:00:04]} d6 {[%emt 0:00:00]} 4. Nf3 {[%emt 0:00:09]} Nxe4 {[%emt 0:00:00]} 5. d4 {[%emt 0:00:11]} d5 {[%emt 0:00:04]} 6. Bd3 {[%emt 0:00:07]} Be7 {[%emt 0:00:25]} 7. O-O {[%emt 0:00:15]} O-O {[%emt 0:00:26]} 8. Re1 {[%emt 0:00:12]} Bg4 {[%emt 0:07:05]} 9. Bxe4 {[%emt 0:03:28]} dxe4 {[%emt 0:00:06]} 10. Rxe4 {[%emt 0:00:04]} f5 {[%emt 0:03:36]} 11. Re1 {[%emt 0:00:11]} Nc6 {[%emt 0:02:31]} 12. c3 {[%emt 0:00:08]} Qd5 {[%emt 0:36:43]} 13. Nbd2 {[%emt 0:00:23]} Bg5 {[%emt 0:11:25]} 14. Qb3 {[%emt 0:02:41]} Qxb3 {[%emt 0:01:41]} 15. Nxb3 {[%emt 0:00:35]} Bxc1 {[%emt 0:02:04]} 16. Raxc1 {[%emt 0:00:16]} Bxf3 {[%emt 0:00:15]} 17. gxf3 {[%emt 0:00:07]} Rae8 {[%emt 0:01:30]} 18. Nc5 {[%emt 0:07:00]} b6 {[%emt 0:01:48]} 19. Na6 {[%emt 0:00:56]} Rc8 {[%emt 0:02:07]} 20. Re2 {[%emt 0:02:21]} Rfd8 {[%emt 0:06:11]} 21. Rce1 {[%emt 0:01:34]} Nb8 {[%emt 0:08:55]} 22. Nxb8 {[%emt 0:01:45]} Rxb8 {[%emt 0:00:01]} 23. Re7 {[%emt 0:00:08]} Rbc8 {[%emt 0:00:38]} 24. Kg2 {[%emt 0:00:26]} Rd6 {[%emt 0:05:00]} 25. h4 {[%emt 0:00:25]} Rg6+ {[%emt 0:00:57]} 26. Kh3 {[%emt 0:00:13]} Rf6 {[%emt 0:00:50]} 27. Rd7 {[%emt 0:00:48]} Rf7 {[%emt 0:02:54]} 28. Ree7 {[%emt 0:00:15]} Rxe7 {[%emt 0:00:04]} 29. Rxe7 {[%emt 0:00:05]} Kf8 {[%emt 0:00:07]} 30. Rd7 {[%emt 0:00:07]} a5 {[%emt 0:00:22]} 31. a4 {[%emt 0:00:18]} c5 {[%emt 0:00:27]} 32. d5 {[%emt 0:00:14]} Rb8 {[%emt 0:00:49]} 33. c4 {[%emt 0:00:06]} Re8 {[%emt 0:00:30]} 34. Rb7 {[%emt 0:00:12]} Re2 {[%emt 0:00:45]} 35. Rxb6 {[%emt 0:00:05]} Rxf2 {[%emt 0:00:30]} 36. Kg3 {[%emt 0:00:04]} Rc2 {[%emt 0:00:43]} 37. b3 {[%emt 0:01:19]} Rc3 {[%emt 0:00:46]} 38. Rb7 {[%emt 0:00:12]} Rd3 {[%emt 0:00:18]} 39. Kf4 {[%emt 0:00:08]} h6 {[%emt 0:01:19]} 40. h5 {[%emt 0:00:14]} Ke8 {[%emt 0:00:56]} 41. Rb5 {[%emt 0:00:44]} Kd7 {[%emt 0:00:40]} 42. Rxa5 {[%emt 0:00:13]} Rxb3 {[%emt 0:00:20]} 43. Rxc5 {[%emt 0:00:05]} Ra3 {[%emt 0:00:23]} 44. a5 {[%emt 0:00:05]} Ke7 {[%emt 0:01:39]} 45. Rc7+ {[%emt 0:00:17]} Kf6 {[%emt 0:00:21]} 46. Rc6+ {[%emt 0:00:07]} Ke7 {[%emt 0:00:04]} 47. a6 {[%emt 0:00:06]} Kd7 {[%emt 0:00:39]} 48. Rg6 {[%emt 0:00:36]} 1-0

[Event "Panchenko Memorial-B 2020"]
[Site "Chelyabinsk"]
[Date "2020.09.07"]
[Round "1.5"]
[White "Komissarova, Soigina"]
[Black "Tomilova, Elena"]
[Result "0-1"]
[WhiteElo "1827"]
[BlackElo "2353"]
[Annotator "ChessBase"]
[PlyCount "84"]
[EventDate "2020.09.07"]
[EventType "swiss"]
[EventCountry "RUS"]
[SourceTitle "playchess.com"]
[Source "ChessBase"]
[SourceQuality "1"]
[TimeControl "5400+30"]

1. c4 {[%emt 0:00:00]} e5 {[%emt 0:00:02]} 2. Nc3 {[%emt 0:00:00]} Nf6 {[%emt 0:00:09]} 3. g3 {[%emt 0:00:19]} c6 {[%emt 0:00:10]} 4. Bg2 {[%emt 0:03:02]} d5 {[%emt 0:00:20]} 5. cxd5 {[%emt 0:00:41]} cxd5 {[%emt 0:00:05]} 6. d4 {[%emt 0:02:12]} exd4 {[%emt 0:02:17]} 7. Qxd4 {[%emt 0:00:18]} Nc6 {[%emt 0:00:13]} 8. Qa4 {[%emt 0:02:26]} d4 {[%emt 0:03:02]} 9. Ne4 {[%emt 0:06:40]} Nxe4 {[%emt 0:05:15]} 10. Bxe4 {[%emt 0:00:14]} Bb4+ {[%emt 0:00:16]} 11. Kf1 {[%emt 0:00:49]} Qb6 {[%emt 0:00:48]} 12. Kg2 {[%emt 0:02:38]} O-O {[%emt 0:02:46]} 13. Nf3 {[%emt 0:01:32]} Re8 {[%emt 0:04:51]} 14. Qc2 {[%emt 0:03:41]} h6 {[%emt 0:00:15]} 15. a3 {[%emt 0:06:46]} Be7 {[%emt 0:01:22]} 16. b4 {[%emt 0:13:24]} Bf6 {[%emt 0:02:22]} 17. Bb2 {[%emt 0:00:37]} a5 {[%emt 0:08:19]} 18. bxa5 {[%emt 0:05:00]} Nxa5 {[%emt 0:08:44]} 19. Bd3 {[%emt 0:02:25]} Bd7 {[%emt 0:09:09]} 20. Rab1 {[%emt 0:00:58]} Rac8 {[%emt 0:03:21]} 21. Qd1 {[%emt 0:01:17]} Qe6 {[%emt 0:07:20]} 22. h4 {[%emt 0:04:22]} Bc6 {[%emt 0:01:00]} 23. Re1 {[%emt 0:09:52]} Nc4 {[%emt 0:03:03]} 24. Bxc4 {[%emt 0:06:57]} Qxc4 {[%emt 0:00:02]} 25. Rc1 {[%emt 0:01:28]} Qd5 {[%emt 0:07:26]} 26. Qd2 {[%emt 0:04:32]} Rcd8 {[%emt 0:07:23]} 27. Qd3 {[%emt 0:09:00]} Bb5 {[%emt 0:00:20]} 28. Qd2 {[%emt 0:01:24]} Qe6 {[%emt 0:02:04]} 29. Kh2 {[%emt 0:06:02]} Qf5 {[%emt 0:03:37]} 30. Kg2 {[%emt 0:02:50]} Bc6 {[%emt 0:02:10]} 31. Rc4 {[%emt 0:02:47]} Re4 {[%emt 0:02:35]} 32. Kg1 {[%emt 0:00:25]} Bb5 {[%emt 0:01:43]} 33. Rc7 {[%emt 0:00:34]} Bc6 {[%emt 0:01:21]} 34. Qb4 {[%emt 0:01:07]} Qd5 {[%emt 0:03:37]} 35. Rxc6 {[%emt 0:00:34]} bxc6 {[%emt 0:00:12]} 36. Nd2 {[%emt 0:00:21]} Ree8 {[%emt 0:00:22]} 37. Qa4 {[%emt 0:00:33]} Qa2 {[%emt 0:00:43]} 38. Nc4 {[%emt 0:00:14]} Ra8 {[%emt 0:01:16]} 39. Qb4 {[%emt 0:00:51]} c5 {[%emt 0:00:57]} 40. Qb5 {[%emt 0:00:34]} Reb8 {[%emt 0:00:28]} 41. Qxc5 {[%emt 0:00:22]} Rc8 {[%emt 0:00:10]} 42. Ra1 {[%emt 0:00:38]} Qxa1+ {[%emt 0:00:12]} 0-1

[Event "Panchenko Memorial-B 2020"]
[Site "Chelyabinsk"]
[Date "2020.09.08"]
[Round "2.1"]
[White "Bodnaruk, Anastasia"]
[Black "Protopopova, Anastasiya"]
[Result "1-0"]
[WhiteElo "2411"]
[BlackElo "2192"]
[Annotator "TA"]
[PlyCount "67"]
[EventDate "2020.09.07"]
[EventType "swiss"]
[EventCountry "RUS"]
[SourceTitle "playchess.com"]
[Source "ChessBase"]
[SourceQuality "1"]

{[%evp 11,67,38,42,41,34,37,31,18,45,27,56,33,65,55,63,71,114,114,116,115,122,106,161,147,151,163,139,141,252,266,674,648,742,850,833,829,785,769,750,658,663,576,569,537,875,854,720,697,1248,1184,1629,1508,1725,1725,29985,29986,29997,29998]} 1. e4 c6 2. d4 d5 3. e5 Bf5 4. Nf3 e6 5. Be2 Nd7 6. O-O Bg6 {is now more promising than 6...Ne7. Played by Vladislav Artemiev in April 2020.} 7. Nbd2 {B12: Caro-Kann: Advance Variation.} Nh6 8. Nb3 Nf5 9. a4 {White is slightly better.} h5 10. g3 Be7 11. h4 {[#]} O-O $146 ({Predecessor:} 11... c5 12. Bf4 Rc8 13. c3 cxd4 14. Nbxd4 Nxd4 15. Nxd4 Qb6 16. Nb5 a6 17. a5 Qd8 {½-½ (82) Ivanov,A (2529)-Finegold,B (2505) Saint Louis 2013}) 12. Ng5 Bxg5 13. hxg5 h4 {[#]} 14. g4 $1 {[%cal Rg4f5]} Ne7 15. f4 Qc7 16. Be3 b6 (16... f5 $16 {is a better defense.}) 17. c3 f6 18. gxf6 gxf6 19. Qe1 Kf7 (19... f5 $16 20. g5 (20. Qxh4 Kf7 $16) 20... Kg7) 20. f5 $18 {[%mdl 64] Deflection} ({Inferior is} 20. Qxh4 Rh8 $11) 20... Bxf5 $2 (20... exf5 21. Bf4 (21. Qxh4 Rh8 $16) 21... Qd8) 21. gxf5 Nxf5 22. Bh5+ Ke7 {[#]} 23. Rxf5 $1 {[%mdl 512]} exf5 24. Bf4 {aiming for exf6+.} Rg8+ 25. Kh1 Kd8 26. Qe3 {Black must now prevent exf6.} fxe5 27. dxe5 Nf8 28. e6 Qg7 29. Bf3 Ng6 30. Rg1 Kc8 31. Nd4 {[%cal Bb3d4,Bd4f5,Bf5d6][%mdl 32]} Kb7 32. Nxf5 Qf6 33. Nd6+ Ka6 34. Be2+ {White took control after the opening. Accuracy: White = 100%, Black = 31%.} 1-0

[Event "Panchenko Memorial-B 2020"]
[Site "Chelyabinsk"]
[Date "2020.09.08"]
[Round "2.2"]
[White "Zherebtsova, Alexandra"]
[Black "Bivol, Alina"]
[Result "0-1"]
[WhiteElo "2187"]
[BlackElo "2386"]
[Annotator "RC"]
[PlyCount "72"]
[EventDate "2020.09.07"]
[EventType "swiss"]
[EventCountry "RUS"]
[SourceTitle "playchess.com"]
[Source "ChessBase"]
[SourceQuality "1"]
[TimeControl "5400+30"]

1. d4 {[%emt 0:01:07]} Nf6 {[%emt 0:00:00]} 2. c4 {[%emt 0:00:05]} g6 {[%emt 0:00:03]} 3. Nc3 {[%emt 0:00:07]} d5 {[%emt 0:00:49]} 4. cxd5 {[%emt 0:00:04]} Nxd5 {[%emt 0:00:03]} 5. Bd2 {[%emt 0:00:17]} Nb6 {[%emt 0:00:07]} 6. Bg5 {[%emt 0:05:58]} Bg7 {[%emt 0:01:13]} 7. Nf3 {[%emt 0:00:07]} h6 {[%emt 0:01:35]} 8. Bh4 {[%emt 0:00:23]} c5 {[%emt 0:03:15]} 9. dxc5 {[%emt 0:08:21]} Bxc3+ {[%emt 0:04:03]} 10. bxc3 {[%emt 0:00:02]} Qxd1+ {[%emt 0:00:11]} 11. Rxd1 {[%emt 0:06:09]} Na4 {[%emt 0:00:27]} 12. Rd4 {[%emt 0:30:00]} Nxc5 {[%emt 0:00:47]} 13. e3 {[%emt 0:05:53]} Nc6 {[%emt 0:04:28]} 14. Bb5 {[%emt 0:04:30]} Bd7 {[%emt 0:01:37]} 15. Rd5 {[%emt 0:04:58]} Ne6 {[%emt 0:01:09]} 16. Ba4 {[%emt 0:07:24]} Rc8 {[%emt 0:06:01]} 17. O-O {[%emt 0:02:11]} Nb8 {[%emt 0:02:43]} 18. Bxd7+ {[%emt 0:05:26]} Nxd7 {[%emt 0:02:10]} 19. Rfd1 {[%emt 0:01:49]} Ndc5 {[%emt 0:03:01]} 20. Nd4 {[%emt 0:06:01]} f6 {[%emt 0:01:52]} 21. f3 {[%emt 0:02:46]} Kf7 {[%emt 0:01:08]} 22. Be1 {[%emt 0:02:16]} b6 {[%emt 0:04:21]} 23. Ne2 {[%emt 0:04:26]} h5 {[%emt 0:02:10]} 24. e4 {[%emt 0:00:16]} Rc7 {[%emt 0:01:56]} 25. Kf2 {[%emt 0:01:00]} Rhc8 {[%emt 0:00:14]} 26. Ke3 {[%emt 0:00:15]} Na4 {[%emt 0:00:24]} 27. Rb1 {[%emt 0:00:53]} a6 {[%emt 0:02:35]} 28. f4 {[%emt 0:00:39]} Rc4 {[%emt 0:01:35]} 29. f5 {[%emt 0:00:30]} gxf5 {[%emt 0:00:19]} 30. Rxf5 {[%emt 0:00:23]} Ng5 {[%emt 0:02:24]} 31. Rf4 {[%emt 0:00:31]} b5 {[%emt 0:00:05]} 32. Rd1 {[%emt 0:00:37]} R8c5 {[%emt 0:01:13]} 33. g4 {[%emt 0:00:33]} e5 {[%emt 0:01:53]} 34. Rf5 {[%emt 0:00:17]} Rxe4+ {[%emt 0:00:07]} 35. Kf2 {[%emt 0:00:08]} Rxg4 {[%emt 0:00:06]} 36. Ng3 {[%emt 0:00:43]} Ke6 {[%emt 0:01:54]} 0-1

[Event "Panchenko Memorial-B 2020"]
[Site "Chelyabinsk"]
[Date "2020.09.08"]
[Round "2.3"]
[White "Guseva, Marina"]
[Black "Ruchieva, Natalia"]
[Result "1-0"]
[WhiteElo "2378"]
[BlackElo "2178"]
[Annotator "TA"]
[PlyCount "83"]
[EventDate "2020.09.07"]
[EventType "swiss"]
[EventCountry "RUS"]
[SourceTitle "playchess.com"]
[Source "ChessBase"]
[SourceQuality "1"]

{[%evp 20,83,11,23,61,62,44,7,2,4,22,10,62,58,64,57,68,33,87,45,89,95,81,77,101,72,97,91,123,72,62,56,125,105,332,333,322,319,307,293,276,293,271,250,271,270,284,277,340,326,472,457,542,531,530,499,489,450,1011,917,29981,29982,29982,29983,29983,29976]} 1. d4 d5 2. c4 dxc4 3. e4 e5 4. Nf3 exd4 5. Bxc4 Nc6 6. O-O Be6 7. Bxe6 fxe6 8. Qb3 Qd7 9. Qxb7 Rb8 10. Qa6 Nf6 11. Nbd2 Be7 {D20: Queen's Gambit Accepted: 3 e3 and 3 e4.} 12. a3 O-O 13. Qd3 {[#]} a5 $146 {The position is equal.} ({Predecessor:} 13... e5 14. b4 Bd6 15. Nc4 Qe7 16. Nxd6 Qxd6 17. Bd2 Nd8 18. Rac1 c6 19. Nh4 Rb7 {1-0 (28) Jakubowski,K (2544)-Kosiorek,M (2344) Poronin 2014}) 14. b3 Bd6 15. Nc4 {And now e5 would win.} e5 (15... Ng4 $11) 16. Bd2 $14 Nh5 17. Rfc1 Kh8 18. Ra2 {[%cal Ba1a2,Ba2c2,Bc2c7][%mdl 32]} Rbe8 ({Better is} 18... Qf7 $14) 19. Ng5 ({Reject} 19. Nxa5 Nxa5 20. Bxa5 Nf4 $15) 19... Nf4 20. Bxf4 $1 Rxf4 21. Nxd6 Qxd6 22. Rac2 Nd8 23. Rxc7 Qxa3 {[#]} 24. Qh3 ({White should play} 24. Qb5 $1 {[%cal Rb5e8]} Qf8 25. Rc8) 24... h6 $16 25. Qh5 $1 $40 {[%cal Rh5g6][%mdl 128] White attacks.} Qf8 {[#]} (25... Re7 $1 $14 26. Rc8 Rf8) 26. Nf3 $1 {[%mdl 64] Discovered Attack} Nf7 $2 {Now Black is done in.} (26... d3 $16) 27. Nh4 $18 Rxh4 28. Qxh4 Ng5 29. Qg4 {Hoping for Rc8.} Ne6 30. R7c6 Nf4 31. Rf1 d3 32. g3 Ne2+ 33. Kg2 Rd8 34. Rd1 Qe7 (34... Kh7 $142 35. Qh5 Nd4) 35. Rc8 Rxc8 36. Qxc8+ {[%mdl 4096] Endgame KQR-KQN} Kh7 37. Rxd3 {aiming for Rd8.} Nd4 38. Qc3 Qa3 (38... Qa7 $142 39. Rd2 Qf7) 39. Qc7 a4 40. Qxe5 {White mates.} Nc6 41. Qf5+ Kg8 42. Qd5+ {Accuracy: White = 85%, Black = 47%.} 1-0